Mushroom Dishes - Sudden Death - Statistics

General Stats
  • This quiz has been taken 70 times
  • The average score is 6 of 16
Answers on the Grid
Answers color-coded by a green-red scale on the quiz's grid according to % correct below.
Stuffed portabello
Chicken chasseur
Diri djondjon
Coulibiac
Croûte aux morilles
Enoki tempura
Selsko meso
Beosut bokkeum
Veal Orloff
Zupa borowikowa
Buddha's delight
Risotto ai funghi porcini
Zapiekanka
Croquetas de boletus
Quiche aux champignons de Paris
Ciulama de ciuperci
Croque-monsieur
Galbi-gui
Gratin dauphinois
Medianoche
Reuben sandwich
Caesar salad
Zupa ogórkowa
Tabbouleh
Gaston Gérard chicken
Gyeran-jjim
Bryndzové halušky
Fabada asturiana
 
Answer Stats
Answer % Correct
Risotto ai funghi porcini
89%
Stuffed portabello
84%
Quiche aux champignons de Paris
57%
Croûte aux morilles
55%
Enoki tempura
48%
Croquetas de boletus
41%
Buddha's delight
34%
Chicken chasseur
34%
Veal Orloff
34%
Diri djondjon
18%
Ciulama de ciuperci
16%
Zupa borowikowa
16%
Beosut bokkeum
14%
Zapiekanka
9%
Selsko meso
7%
Coulibiac
5%
No matching quizzes found
Score Distribution
Percent of People with Each Score
Percentile by Number Answered
Your Score History
You have not taken this quiz